[Event "Maastricht Limburg op-B 8th"]
[Site "Maastricht"]
[Date "2014.06.09"]
[Round "6"]
[White "Holscher, Peter AC"]
[Black "Esser, Thomas"]
[Result "1/2-1/2"]
[WhiteElo "2049"]
[BlackElo "1983"]
[PlyCount "69"]
[EventDate "2014.06.06"]
[EventType "swiss"]
[EventRounds "7"]
[EventCountry "NED"]
[SourceTitle "EXT 2015"]
[Source "ChessBase"]
[SourceDate "2014.11.20"]
[SourceVersion "1"]
[SourceVersionDate "2014.11.20"]
[SourceQuality "1"]

1. d4 Nf6 2. Nf3 c5 3. d5 b5 4. c4 Bb7 5. cxb5 Bxd5 6. Nc3 Bb7 7. Bg5 d5 8. e3 e6 9. Be2 Nbd7 10. 0-0 Be7 11. Bf4 Nh5 12. Bg3 Nxg3 13. hxg3 0-0 14. Qc2 Rc8 15. Rad1 Qc7 16. Rd2 Rfd8 17. Rfd1 Bf6 18. g4 Ne5 19. Nh2 Ng6 20. Nf3 Be7 21. Bd3 Rd7 22. Bxg6 hxg6 23. Ne4 Qd8 24. Ng3 Bd6 25. Ne2 d4 26. exd4 Bxf3 27. gxf3 cxd4 28. Qe4 Qh4 29. Rxd4 Qh2+ 30. Kf1 Qh3+ 31. Ke1 Bb4+ 32. Nc3 Rxd4 33. Rxd4 Bxc3+ 34. bxc3 Rxc3 35. Ke2 1/2-1/2

[Event "Maastricht Limburg op-B 8th"]
[Site "Maastricht"]
[Date "2014.06.08"]
[Round "5"]
[White "Bondarchuk, Vadim"]
[Black "Esser, Thomas"]
[Result "0-1"]
[WhiteElo "2039"]
[BlackElo "1983"]
[PlyCount "92"]
[EventDate "2014.06.06"]
[EventType "swiss"]
[EventRounds "7"]
[EventCountry "NED"]
[SourceTitle "EXT 2015"]
[Source "ChessBase"]
[SourceDate "2014.11.20"]
[SourceVersion "1"]
[SourceVersionDate "2014.11.20"]
[SourceQuality "1"]

1. e4 e5 2. Nf3 Nf6 3. Bc4 Nxe4 4. Nxe5 Qe7 5. 0-0 Qxe5 6. d4 Qf5 7. Qe2 Be7 8. Bd3 d5 9. f3 Ng3 10. hxg3 Qe6 11. Qf2 0-0 12. Re1 Qd7 13. c3 c6 14. Qc2 g6 15. Bh6 Rd8 16. Nd2 Bf6 17. Kf2 Qd6 18. Bf4 Qf8 19. Rh1 Be6 20. Rh2 Nd7 21. Bh6 Bg7 22. Rah1 Nf6 23. Bg5 h5 24. Nf1 Rd7 25. g4 hxg4 26. Bxg6 Ne4+ 27. Bxe4 dxe4 28. fxe4 f5 29. e5 c5 30. Be3 cxd4 31. Bxd4 Rc8 32. Qb1 Rxd4 33. cxd4 Qb4 34. Ke3 Rc3+ 35. bxc3 Qxb1 36. Ng3 Qc2 37. Ne2 Bc4 38. g3 Qd3+ 39. Kf4 Qf3+ 40. Kg5 Bxe2 41. Re1 Bc4 42. e6 Qc6 43. Kxf5 Qf3+ 44. Kg5 Qf6+ 45. Kxg4 Bxe6+ 46. Kh5 Qh6# 0-1

[Event "Solingen Karneval op"]
[Site "Solingen"]
[Date "2014.03.02"]
[Round "4"]
[White "Esser, Thomas"]
[Black "Heinert, Eugen"]
[Result "0-1"]
[WhiteElo "1984"]
[BlackElo "2169"]
[PlyCount "66"]
[EventDate "2014.02.28"]
[EventType "swiss"]
[EventRounds "5"]
[EventCountry "GER"]
[SourceTitle "EXT 2016"]
[Source "ChessBase"]
[SourceDate "2015.10.08"]
[SourceVersion "1"]
[SourceVersionDate "2015.10.08"]
[SourceQuality "1"]

1. d4 d5 2. c4 dxc4 3. Nf3 Nf6 4. e3 Bg4 5. Bxc4 e6 6. 0-0 Nbd7 7. h3 Bh5 8. Nc3 Bd6 9. e4 e5 10. Be3 a6 11. Be2 Bg6 12. dxe5 Nxe5 13. Nd2 Ned7 14. f4 Bc5 15. Bxc5 Nxc5 16. f5 Qd4+ 17. Kh1 0-0-0 18. Nf3 Qb4 19. Qe1 Bh5 20. g4 Ncxe4 21. gxh5 Nxh5 22. Rg1 Rhe8 23. Qh4 Neg3+ 24. Kh2 Qxh4 25. Nxh4 Nxe2 26. Rg5 h6 27. Rg2 Nxc3 28. bxc3 Rd3 29. f6 g6 30. Rf1 Ree3 31. Nxg6 Rxh3+ 32. Kg1 Ng3 33. Kf2 Rd2+ 0-1

[Event "Cologne Longerich op-A 10th"]
[Site "Cologne"]
[Date "2013.07.22"]
[Round "5"]
[White "Dijkhuis, Sven"]
[Black "Esser, Thomas"]
[Result "1/2-1/2"]
[WhiteElo "1793"]
[BlackElo "1942"]
[PlyCount "80"]
[EventDate "2013.07.19"]
[EventType "tourn"]
[EventRounds "5"]
[EventCountry "GER"]
[SourceTitle "EXT 2017"]
[Source "ChessBase"]
[SourceDate "2016.10.25"]
[SourceVersion "1"]
[SourceVersionDate "2016.10.25"]
[SourceQuality "1"]

1. e4 c5 2. Nf3 e6 3. d4 cxd4 4. Nxd4 Nf6 5. Nc3 Nc6 6. Ndb5 d6 7. Bf4 e5 8. Bg5 a6 9. Na3 b5 10. Bxf6 gxf6 11. Nd5 f5 12. Bd3 Be6 13. 0-0 Bxd5 14. exd5 Ne7 15. c4 Bg7 16. Rb1 e4 17. Be2 0-0 18. cxb5 axb5 19. Bxb5 Bxb2 20. Nc4 Bg7 21. a4 Ng6 22. Qh5 Qf6 23. g3 Ra7 24. Rfe1 Ne7 25. Rbd1 Rc8 26. Qe2 Rc5 27. Nb6 Qc3 28. g4 Rb7 29. Nc4 Rxd5 30. Rxd5 Nxd5 31. Nxd6 Qh3 32. Qf1 Qxg4+ 33. Qg2 Qxg2+ 34. Kxg2 Ra7 35. Nxf5 Nc3 36. Nxg7 Kxg7 37. Kg3 Ra8 38. Bc6 Ra6 39. Bb5 Ra8 40. Bc6 Ra6 1/2-1/2

[Event "Cologne Longerich op-A 10th"]
[Site "Cologne"]
[Date "2013.07.22"]
[Round "4"]
[White "Esser, Thomas"]
[Black "Whitmire, James David"]
[Result "1-0"]
[WhiteElo "1942"]
[BlackElo "1968"]
[PlyCount "61"]
[EventDate "2013.07.19"]
[EventType "tourn"]
[EventRounds "5"]
[EventCountry "GER"]
[SourceTitle "EXT 2017"]
[Source "ChessBase"]
[SourceDate "2016.10.25"]
[SourceVersion "1"]
[SourceVersionDate "2016.10.25"]
[SourceQuality "1"]

1. d4 Nf6 2. c4 d6 3. Nf3 Bg4 4. Nc3 Nbd7 5. e4 e5 6. Be2 Be7 7. 0-0 0-0 8. Be3 Re8 9. h3 Bh5 10. Qc2 exd4 11. Bxd4 Bf8 12. Rad1 Qe7 13. Rfe1 Nxe4 14. Nxe4 Qxe4 15. Bd3 Qf4 16. Be3 Rxe3 17. Rxe3 Ne5 18. Bxh7+ Kh8 19. Be4 Re8 20. Rde1 Bxf3 21. Bxf3 Nxf3+ 22. gxf3 Rxe3 23. Rxe3 Qg5+ 24. Kf1 g6 25. Qe4 Bh6 26. Qd4+ Kh7 27. Re8 Bg7 28. Qd5 Qc1+ 29. Kg2 Qxb2 30. Qxf7 Qxa2 31. Re4 1-0

[Event "Cologne Longerich op-A 10th"]
[Site "Cologne"]
[Date "2013.07.19"]
[Round "1"]
[White "Van der Valk, Niklas"]
[Black "Esser, Thomas"]
[Result "1-0"]
[WhiteElo "2106"]
[BlackElo "1942"]
[PlyCount "85"]
[EventDate "2013.07.19"]
[EventType "tourn"]
[EventRounds "5"]
[EventCountry "GER"]
[SourceTitle "EXT 2017"]
[Source "ChessBase"]
[SourceDate "2016.10.25"]
[SourceVersion "1"]
[SourceVersionDate "2016.10.25"]
[SourceQuality "1"]

1. d4 d5 2. c4 c6 3. e3 Nf6 4. Qc2 e6 5. Nf3 a6 6. c5 Nbd7 7. b4 b5 8. a4 Rb8 9. Nbd2 Qc7 10. Bb2 Be7 11. Bd3 0-0 12. 0-0 Re8 13. Ne5 g6 14. f4 Nh5 15. g4 Ng7 16. Rf3 f5 17. Nxd7 Qxd7 18. g5 Bd8 19. Nb3 Re7 20. Rg3 Ne8 21. Kf2 Rf7 22. Ke2 Nc7 23. Rg2 Ne8 24. Kd2 Nc7 25. h4 Ne8 26. Bc3 Rg7 27. Ra2 Rb7 28. Ra1 Qe7 29. axb5 axb5 30. Rh1 Ra7 31. Kc1 Qb7 32. h5 Qa8 33. Kb1 Kf7 34. Rgh2 Qb7 35. hxg6+ hxg6 36. Rh8 Qa8 37. R1h6 Ra3 38. Bb2 Ra7 39. Qh2 Be7 40. R6h7 Bf8 41. Qh6 Ba6 42. Be2 Rxh7 43. Qxf8# 1-0

[Event "Solingen Karneval op"]
[Site "Solingen"]
[Date "2013.02.09"]
[Round "3"]
[White "Esser, Thomas"]
[Black "Balint, Levente"]
[Result "1/2-1/2"]
[WhiteElo "1954"]
[BlackElo "1520"]
[PlyCount "99"]
[EventDate "2013.02.08"]
[EventType "swiss"]
[EventRounds "5"]
[EventCountry "GER"]
[SourceTitle "EXT 2015"]
[Source "ChessBase"]
[SourceDate "2014.11.20"]
[SourceVersion "1"]
[SourceVersionDate "2014.11.20"]
[SourceQuality "1"]

1. d4 d5 2. c4 c6 3. Nf3 Nf6 4. e3 e6 5. b3 Nbd7 6. Bb2 Bd6 7. Bd3 Qc7 8. c5 Be7 9. b4 b6 10. 0-0 0-0 11. Qc2 a5 12. cxb6 Qxb6 13. Rc1 Bb7 14. bxa5 Qxa5 15. Nbd2 Rfc8 16. Nb3 Qb6 17. Nc5 Nxc5 18. dxc5 Qc7 19. Be5 Qd7 20. Rab1 Ba6 21. Bxa6 Rxa6 22. Rb2 Ne4 23. Bd4 f6 24. Rcb1 e5 25. Rb7 Qd8 26. Bc3 Bxc5 27. Nd2 Nxc3 28. Qxc3 Rxa2 29. Qxc5 Rxd2 30. Qa7 Qf8 31. h3 Rd3 32. Rb8 Ra3 33. Qxa3 Rxb8 34. Rxb8 Qxb8 35. Qe7 Qc8 36. Kh1 c5 37. Qd6 d4 38. Kg1 c4 39. Qa3 c3 40. Qb3+ Kh8 41. Qc2 Qc4 42. exd4 exd4 43. Qe4 Qa4 44. Qb7 Qd1+ 45. Kh2 h6 46. Qa8+ Kh7 47. Qe4+ Kg8 48. Qe8+ Kh7 49. Qe4+ Kg8 50. Qe8+ 1/2-1/2